Estudios superiores sobre economía de las corporaciones locales VI
Descripción Física:
499 p. ; 21 cm
Colección:
Temas de administración local ; 31
Materias:
Finances locals -- Espanya -- Congressos
MARC
| LEADER | 00000nam a2200000Ia 4500 | ||
|---|---|---|---|
| 001 | 18152 | ||
| 008 | 160829s1989 xx 000 0 cat d | ||
| 080 | |a M-5-240 | ||
| 100 | |a Semana de Estudios Superiores sobre Economía y Gestión de las Corporaciones Locales (7s : 1988 : Granada) |9 23555 | ||
| 245 | |a Estudios superiores sobre economía de las corporaciones locales VI | ||
| 260 | |a Granada : |b Centro de Estudios Municipales y de Cooperación Interprovincial, |c 1989 | ||
| 300 | |a 499 p. ; |c 21 cm | ||
| 490 | |a Temas de administración local ; 31 | ||
| 590 | |a Conferències pronunciades en la VII Semana de Estudios Superiores sobre Economía y Gestión de las Corporaciones Locales, celebrada a Granada del 3 al 7 d'octubre de 1988 | ||
| 650 | 0 | |a Finances locals |x Espanya |x Congressos |9 23554 | |
| 700 | |a Centro de Estudios Municipales y de Cooperación Interprovincial |9 22688 | ||
| 901 | |a Arxiu | ||
| 942 | |n 1 | ||
| 952 | |0 0 |1 0 |4 0 |6 M5240 |7 1 |9 42750 |a Arxiu |b Arxiu |d 2016-12-01 |l 0 |o M-5-240 |p 18152 |r 2016-12-01 00:00:00 |w 2016-12-01 |y ARXIU | ||
| 999 | |c 45256 |d 45256 | ||